[Event "Mechanics' Fall TNM; 30/90, SD/30"]
[Site "San Francisco"]
[Date "2014.12.16"]
[Round "8.32"]
[White "Matz, James"]
[Black "Olson, David"]
[Result "1-0"]
[WhiteElo "1785"]
[BlackElo "1407"]
[PlyCount "63"]
[EventDate "2014.??.??"]

1. Nf3 d5 2. g3 c5 3. Bg2 Nf6 4. d3 g6 5. Nbd2 Bg7 6. O-O Nc6 7. e4 d4 8. a4
Bg4 9. h3 Bd7 10. Nc4 Qc7 11. Bf4 Qc8 12. Kh2 Nh5 13. Bd2 f6 14. Qe2 Qc7 15.
Rae1 O-O-O 16. a5 f5 17. e5 Bf8 18. Ng5 Rg8 19. Nf7 Re8 20. e6 f4 21. exd7+
Qxd7 22. gxf4 e6 23. Nfe5 Nxe5 24. Nxe5 Qg7 25. a6 b6 26. Qe4 Bd6 27. Qa8+ Bb8
28. Nc6 Kd7 29. Nxb8+ Rxb8 30. Qxa7+ Kd6 31. Qxg7 Nxg7 32. a7 1-0

[Event "Mechanics' Whitehead TNM; 30/90, SD/30"]
[Site "San Francisco"]
[Date "2014.09.16"]
[Round "7.20"]
[White "Matz, James"]
[Black "Rakonitz, David"]
[Result "1/2-1/2"]
[WhiteElo "1785"]
[BlackElo "1558"]
[Annotator "Donaldson"]
[PlyCount "44"]
[EventDate "2014.??.??"]

1. Nf3 Nf6 2. g3 e6 3. Bg2 d5 4. d3 Be7 5. Nbd2 c5 6. e4 Nc6 7. O-O O-O 8. Re1
b5 9. e5 {One of the main lines of the reversed King's Indian Attack, which
can lead to very sharp play, with White attacking on the kingside and Black
the opposite flank. Bobby Fischer won many brilliant games for White, while
Wolfganf Uhlmann has long championed Black's chances.} Nd7 10. Nf1 b4 11. Bf4
a5 12. h4 Ba6 13. Ng5 (13. N1h2 {
is the most popular move here preparing to bring the knight to g4. The text and
}) (13. Ne3 {have been tested many times but are not quite as precise.}) 13...
a4 (13... Qe8 $1 {is Uhlmann's antidote, meeting} 14. Qh5 Bxg5 15. hxg5 {with}
f5 $1 (15... c4 {is also good.})) 14. Bh3 (14. a3 {
a la Fischer is another possibility.}) 14... Bxg5 $1 15. Bxg5 Qb6 16. Bf4 c4 $1
{Black is playing very well, and has already grabbed the initiative on the
queenside, while White has made no progress on the other flank.} 17. dxc4 Bxc4
18. Qg4 Kh8 (18... Rfc8 {was another possibility favored by Houdini, which
believes Black to be winning after} 19. Bh6 g6 20. Bf4 Qd4 {or} (20... b3 {
This may be true, but the weaknesses around Black's king are a cause for
concern for mortals. The text seems simpler.})) 19. Nd2 Bb5 20. Nf3 Nd4 $1 21.
Nxd4 Qxd4 22. Qd1 Qxd1 (22... Qxb2 {was a free pawn. Black is still better
after 22... Qxd1. Black played very well in this game, and his only mistake
was offering a draw!}) 1/2-1/2

[Event "Mechanics' Whitehead TNM; 30/90, SD/30"]
[Site "San Francisco"]
[Date "2014.08.26"]
[Round "4.12"]
[White "Matz, James"]
[Black "Uzzaman, Ashik"]
[Result "0-1"]
[WhiteElo "1785"]
[BlackElo "2102"]
[Annotator "Donaldson"]
[PlyCount "102"]
[EventDate "2014.??.??"]

1. Nf3 c5 2. g3 Nf6 3. Bg2 Nc6 4. d3 d5 5. Nbd2 e6 6. O-O Be7 7. e4 O-O 8. a4
b6 9. e5 Nd7 10. Re1 Qc7 11. Qe2 Ba6 12. Nf1 Rac8 13. Bf4 h6 14. h4 Rfd8 15.
Qd2 Bf8 16. Ne3 Nd4 $2 {Diagram #} 17. Nxd5 $1 {
A thematic move in such positions which gives White a slight advantage.} exd5
18. e6 (18. Nxd4 cxd4 19. e6 Qxc2 20. exd7 Qxd2 21. Bxd2 Rc2 22. Bh3 Rxd2 23.
Re8 Rxd7 24. Bxd7 Bxd3 25. Rae1 g6 26. Ra8 Be2 {
and its not clear who is better.}) 18... Bd6 19. Bxd6 (19. Nxd4 $1 cxd4 (19...
Bxf4 $2 20. Qxf4 Qxf4 21. gxf4 cxd4 22. exd7 {
and the big passed pawn on d7 lives due to Bh3.}) 20. Bxd6 Qxd6 21. exd7 Qxd7
22. a5 $1 {gives White a pleasant risk-free initiative.}) 19... Nxf3+ 20. Bxf3
Qxd6 21. exd7 Qxd7 22. Re5 d4 23. Rae1 Qxa4 $2 {Diagram #} (23... Rc7 {
was much safer.}) 24. Qe2 $2 {This gives Black time to breath. The direct} (24.
Re7 $1 {would exploit the contrast between White's superbly coordinated pieces
and Black's disorganized forces as can be seen from the following variation..}
Bb5 (24... Re8 25. Qf4) 25. Qf4 Rf8 26. Bd5 Be8 27. Qf5 Rd8 28. Be4 g6 29. Qf6
{and there is no defense to Bxg6.}) 24... Rc7 25. Be4 Qd7 $4 {Diagram #} (25...
Bc8) 26. Qf3 $4 (26. Bf5 $1 {attacks the queen and threatens mate - game over.}
) 26... Bb5 27. Rf5 Rf8 28. Kh2 Bc6 29. Bxc6 Rxc6 30. Rfe5 Re6 31. Qe2 Rfe8 32.
f4 Rxe5 33. fxe5 Re6 34. Qh5 Qe7 35. Qf5 f6 36. Qg4 Rxe5 37. Rxe5 Qxe5 38. Qc8+
Kh7 39. Qa8 Qe2+ 40. Kh3 Qe6+ 41. Kh2 a5 42. b3 h5 43. Qb7 Kh6 44. Qg2 Qe3 45.
Kh3 g5 46. Qc6 g4+ 47. Kh2 Qf2+ 48. Qg2 (48. Kh1 Qf3+) 48... Qxg2+ 49. Kxg2 b5
50. Kf2 a4 51. bxa4 bxa4 0-1

[Event "Mechanics' SummerTNM; 30/90, SD/30"]
[Site "San Francisco"]
[Date "2014.06.17"]
[Round "4.18"]
[White "Matz, James"]
[Black "Wang, Yuan"]
[Result "1-0"]
[WhiteElo "1772"]
[BlackElo "1887"]
[PlyCount "30"]
[EventDate "2014.??.??"]

1. Nf3 Nf6 2. g3 g6 3. Bg2 Bg7 4. d3 d5 5. Nbd2 O-O 6. O-O Re8 7. e4 e5 8. Re1
Nc6 9. exd5 Nxd5 10. Ne4 h6 11. Bd2 a5 12. Qc1 Kh7 13. h4 Bg4 14. Nh2 Be6 15.
Nf3 b6 {remainder of scoresheets unreadable.} 1-0

[Event "Mechanics' SummerTNM; 30/90, SD/30"]
[Site "San Francisco"]
[Date "2014.07.01"]
[Round "6.8"]
[White "Matz, James"]
[Black "Zhao, Art"]
[Result "0-1"]
[WhiteElo "1772"]
[BlackElo "2111"]
[PlyCount "32"]
[EventDate "2014.??.??"]

1. Nf3 d5 2. g3 g6 3. Bg2 Bg7 4. d3 c6 5. Nbd2 Nd7 6. O-O Ngf6 7. e4 dxe4 8.
dxe4 O-O 9. Qe2 Nc5 10. Rd1 Qc7 11. Qc4 b6 12. Nb3 Ba6 13. Qb4 Nfxe4 14. Bf4 e5
15. Be3 Qe7 16. Nxc5 (16. Nh4 $1) 16... Nxc5 {
Black went on to win from this position. Remaining moves unavailable.} 0-1

[Event "Mechanics' Winter TNM; 30/90, SD/30"]
[Site "San Francisco"]
[Date "2014.02.11"]
[Round "6.24"]
[White "McCarty -Snead, Callaghan"]
[Black "Louie, Henry"]
[Result "1-0"]
[WhiteElo "1901"]
[BlackElo "1475"]
[PlyCount "69"]
[EventDate "2014.??.??"]

1. e4 e5 2. Nf3 Nc6 3. Bc4 Be7 4. d3 Nf6 5. Be3 d6 6. Nc3 Na5 7. Bb3 Nxb3 8.
axb3 O-O 9. Qe2 c6 10. d4 Bg4 11. h3 Bxf3 12. gxf3 h6 13. O-O-O Qc7 14. Rhg1
Kh7 15. f4 Ng8 16. Kb1 Bf6 17. d5 Qe7 18. Qd3 Rfd8 19. fxe5 dxe5 20. f4 Kh8 21.
f5 Qb4 22. Na2 Qe7 23. c4 cxd5 24. cxd5 Bg5 25. Bxg5 hxg5 26. Qe3 f6 27. h4
gxh4 28. Qh3 Nh6 29. Qxh4 Rg8 30. Rg6 Kh7 31. Rh1 Qf8 32. Nc3 Rc8 33. Nd1 Rh8
34. Qg3 Rc7 {Diagram #} 35. Rgxh6+ $1 1-0

[Event "Mechanics' Winter TNM; 30/90, SD/30"]
[Site "San Francisco"]
[Date "2014.02.25"]
[Round "8.21"]
[White "McCarty-Snead, Callaghan"]
[Black "Allen, Tom"]
[Result "1-0"]
[WhiteElo "1668"]
[BlackElo "1495"]
[PlyCount "63"]
[EventDate "2014.??.??"]

1. e4 e5 2. Nf3 Nc6 3. Bc4 Nf6 4. d3 Be7 5. Nc3 d6 6. a3 h6 7. h3 O-O 8. O-O
Be6 9. Bb5 a6 10. Bxc6 bxc6 11. Qe2 Qd7 12. Be3 Bxh3 13. gxh3 Qxh3 14. Nh2 g5
15. Qf3 Qxf3 16. Nxf3 Nh5 17. Nh2 f5 18. f3 Ng3 19. Rf2 f4 20. Bd2 h5 21. Rg2
Kf7 22. Be1 h4 23. Ng4 Rh8 24. Rh2 Ke6 25. Ne2 d5 26. Nxg3 hxg3 27. Rxh8 Rxh8
28. Kg2 Bc5 29. Bc3 Bd6 30. exd5+ cxd5 31. Re1 d4 32. Bxd4 1-0

[Event "Mechanics' Spring TNM; 30/90, SD/30"]
[Site "San Francisco"]
[Date "2014.03.18"]
[Round "1.24"]
[White "McCarty-Snead, Callaghan"]
[Black "Cowgill, Jackie"]
[Result "1-0"]
[WhiteElo "1772"]
[BlackElo "1040"]
[PlyCount "51"]
[EventDate "2014.??.??"]

1. e4 e5 2. Nf3 Nc6 3. Bc4 Bc5 4. O-O Nf6 5. d3 O-O 6. Bg5 Be7 7. Nc3 Na5 8.
Nxe5 Nxc4 9. Nxc4 d6 10. Be3 Bd7 11. Qe2 Re8 12. f3 a6 13. Qf2 b5 14. Nd2 b4
15. Ne2 a5 16. Ng3 Ba4 17. b3 Bb5 18. Nf5 Bf8 19. Qg3 Kh8 20. Bg5 g6 21. Qh4
Re6 22. Nd4 Bg7 23. Nxe6 fxe6 24. Rad1 Qe8 25. Bxf6 Bxf6 26. Qxf6+ 1-0

[Event "Mechanics' Winter TNM; 30/90, SD/30"]
[Site "San Francisco"]
[Date "2014.01.14"]
[Round "2.12"]
[White "McCarty-Snead, Callaghan"]
[Black "Maser, Thomas"]
[Result "0-1"]
[WhiteElo "1668"]
[BlackElo "1947"]
[PlyCount "64"]
[EventDate "2014.??.??"]

1. e4 e5 2. Nf3 Nc6 3. Bc4 Bc5 4. c3 Nf6 5. d3 d6 6. O-O O-O 7. Bb3 Qe7 8. Re1
Be6 9. Bc2 Bb6 10. d4 exd4 11. cxd4 Bg4 12. d5 Ne5 13. Nbd2 Nfd7 14. h3 Bh5 15.
Qe2 Qf6 16. Rf1 Nxf3+ 17. Nxf3 Ne5 18. Bd1 Nxf3+ 19. gxf3 Rae8 20. Qd3 Bd4 21.
Rb1 Be5 22. Kh1 Qh4 23. Kg2 Bf4 24. Bxf4 Qxf4 25. Qe3 Qh4 26. f4 f5 27. Bxh5
Qxh5 28. f3 fxe4 29. fxe4 Qxd5 30. exd5 Rxe3 31. Rfc1 Rf7 32. Rc4 Rd3 0-1

[Event "Mechanics' Fall TNM; 30/90, SD/30"]
[Site "San Francisco"]
[Date "2014.10.28"]
[Round "2.6"]
[White "McCarty-Snead, Callaghan"]
[Black "Stearman, Josiah"]
[Result "1/2-1/2"]
[WhiteElo "1920"]
[BlackElo "2185"]
[Annotator "Donaldson"]
[PlyCount "45"]
[EventDate "2014.??.??"]

1. Nf3 Nf6 2. g3 g6 3. Bg2 Bg7 4. O-O O-O 5. d3 d5 6. Nbd2 c5 7. c4 Nc6 8. cxd5
Nxd5 9. Ne4 b6 10. a3 f5 (10... Bb7 {is more solid.}) 11. Ned2 e5 12. Nc4 b5
13. Ne3 Nde7 $6 {Avoiding the trade this way is thematic, but here it runs
into a specific problem.} (13... Nc7 {was better.}) 14. Qb3+ $1 Kh8 15. Qxb5 e4
16. dxe4 fxe4 17. Ng5 Nd4 18. Qc4 a5 $2 (18... Nec6 19. Nxe4 Ne5 20. Qa4 Nxe2+
21. Kh1 Nd3 {offers ample play for the pawn.}) 19. Bxe4 Rb8 20. Rd1 Qd6 21. Bd3
Qf6 22. Ne4 Qe5 23. Qxc5 {Black can recover one pawn with 23...Nxe2, but White
will still be up two. While the second player has very active pieces its not
clear it is sufficient to compensate for the sacrificed material.} 1/2-1/2

[Event "Mechanics' Fall TNM; 30/90, SD/30"]
[Site "San Francisco"]
[Date "2014.11.04"]
[Round "3.8"]
[White "McCarty-Snead, Callaghan"]
[Black "Wong, Russell"]
[Result "1/2-1/2"]
[WhiteElo "1920"]
[BlackElo "2200"]
[PlyCount "73"]
[EventDate "2014.??.??"]

1. Nf3 g6 2. e4 Bg7 3. g3 c5 4. Bg2 Nc6 5. O-O d6 6. c3 Nf6 7. Qe2 O-O 8. h3
Qc7 9. d4 e5 10. d5 Ne7 11. g4 h5 12. Nh2 Rb8 13. a4 hxg4 14. hxg4 Nh7 15. f4
exf4 16. Bxf4 g5 17. Bg3 Ng6 18. Nd2 Be5 19. Bxe5 Nxe5 20. Nc4 Qe7 21. Nxe5
Qxe5 22. Qf3 f6 23. b4 cxb4 24. cxb4 Rf7 25. Rac1 Nf8 26. Qf2 b6 27. Nf3 Qe7
28. Nd4 Bd7 29. Nf5 Bxf5 30. exf5 Rb7 31. Rfe1 Qd8 32. Qg3 Rfe7 33. Rxe7 Rxe7
34. Qc3 Rh7 35. Qg3 Re7 36. Rc6 Re5 37. Qc3 1/2-1/2

[Event "Mechanics' Winter TNM; 30/90, SD/30"]
[Site "San Francisco"]
[Date "2014.01.28"]
[Round "4.38"]
[White "McCarty-Snead, Fianna"]
[Black "Frank, Robert"]
[Result "0-1"]
[WhiteElo "473"]
[BlackElo "1396"]
[PlyCount "44"]
[EventDate "2014.??.??"]

1. e4 e5 2. Bc4 Nf6 3. Nf3 d6 4. Ng5 Be6 5. Bxe6 fxe6 6. Nxe6 Qe7 7. Ng5 h6 8.
Nf3 Nxe4 9. d3 Nc5 10. Be3 Nbd7 11. Bxc5 Nxc5 12. O-O O-O-O 13. d4 Nd7 14. dxe5
Nxe5 15. Nxe5 Qxe5 16. Qg4+ Kb8 17. f4 Qe3+ 18. Kh1 Re8 19. Qd1 g5 20. fxg5
hxg5 21. Qd2 Qe5 22. Qc3 Qxh2# 0-1

[Event "Mechanics' Winter TNM; 30/90, SD/30"]
[Site "San Francisco"]
[Date "2014.01.14"]
[Round "2.26"]
[White "McCarty-Snead, Fianna"]
[Black "Kottkamp, Jeff"]
[Result "0-1"]
[WhiteElo "473"]
[BlackElo "1678"]
[PlyCount "36"]
[EventDate "2014.??.??"]

1. e4 c5 2. Bc4 e6 3. Nf3 d5 4. exd5 exd5 5. Qe2+ Be6 6. Bb5+ Nd7 7. Nh4 Qxh4
8. O-O Ngf6 9. d3 Bd6 10. g3 Qh3 11. Qf3 O-O 12. d4 cxd4 13. Bd3 Ne5 14. Qe2
Rae8 15. Bb5 Re7 16. Bg5 Bg4 17. Qd2 Nf3+ 18. Kh1 Qxh2# 0-1

[Event "Mechanics' Spring TNM; 30/90, SD/30"]
[Site "San Francisco"]
[Date "2014.03.25"]
[Round "2.35"]
[White "McCarty-Snead, Fianna"]
[Black "Paquette, James"]
[Result "0-1"]
[WhiteElo "569"]
[BlackElo "1331"]
[Annotator "Donaldson"]
[PlyCount "120"]
[EventDate "2014.??.??"]

1. e4 e5 2. Nf3 d6 3. Bc4 f5 4. d3 (4. d4 $1 fxe4 $2 5. Nxe5 dxe5 6. Qh5+ g6 (
6... Ke7 7. Qf7+ Kd6 8. Qd5+ Ke7 9. Qxe5+ Kd7 10. Qe6#) (6... Kd7 7. Qf5+ Kc6
8. Qxe5 a6 9. d5+ Kb6 10. Be3+ Bc5 11. Bxc5+ Kxc5 12. b4+) 7. Qxe5+) 4... Be7
5. Qd2 (5. Nc3) 5... fxe4 6. dxe4 h6 7. Qd5 $1 c6 8. Qf7+ Kd7 9. Qe6+ (9. Qxg7)
(9. Nh4 $1) 9... Kc7 10. Qf7 Nf6 11. Qxg7 Nxe4 12. O-O Qf8 13. Qxf8 Bxf8 14.
Re1 d5 15. Bd3 (15. Nxe5) 15... Bf5 16. Bxe4 Bxe4 17. Nxe5 Bd6 18. Nf7 Rg8 19.
Nxd6 Kxd6 (19... Rxg2+ 20. Kf1 Kxd6 21. Rxe4 dxe4 22. Kxg2) 20. Bf4+ Kd7 21.
Nc3 (21. Rxe4 dxe4 22. Nc3 Re8 23. Rd1+ Kc8 24. Bxh6) (21. Bg3) 21... Rxg2+ 22.
Kf1 Rg4 23. Nxe4 Rxf4 24. Nc5+ Kd6 25. Nxb7+ Kc7 26. Re7+ Nd7 27. Na5 $2 (27.
Nc5) 27... Raf8 28. Rae1 Rxf2+ 29. Kg1 Rxc2 30. R7e2 Rxe2 31. Rxe2 Rb8 32. Rc2
c5 33. b3 Rb5 34. Rb2 Rxa5 35. b4 cxb4 36. Rxb4 Rxa2 37. Rh4 Ra6 38. Rd4 Nf6
39. Rh4 Ne4 40. Rf4 Rf6 41. Rg4 Ng5 42. h4 Nf3+ 43. Kg2 Ne5 44. Rg7+ Rf7 45.
Rg3 d4 46. Rb3 d3 47. Rc3+ Kb6 48. Rb3+ Kc5 49. Rc3+ Kb4 50. Rc1 d2 51. Rd1 Kc3
52. h5 Kc2 53. Rg1 Rg7+ 54. Kf2 Rxg1 55. Kxg1 d1=Q+ 56. Kg2 Qf3+ 57. Kg1 Qe2
58. Kh1 Ng4 59. Kg1 Qf2+ 60. Kh1 Qh2# 0-1

[Event "Mechanics' Fall TNM; 30/90, SD/30"]
[Site "San Francisco"]
[Date "2014.11.04"]
[Round "3.46"]
[White "McCarty-Snead, Fianna"]
[Black "Robertson, Guy"]
[Result "0-1"]
[WhiteElo "705"]
[BlackElo "1494"]
[PlyCount "30"]
[EventDate "2014.??.??"]

1. e4 c5 2. Nf3 d6 3. Nc3 a6 4. d3 Nc6 5. Be3 Nf6 6. d4 cxd4 7. Nxd4 g6 8. Nxc6
bxc6 9. Bd4 Bg7 10. Bc4 O-O 11. O-O c5 12. Bxf6 Bxf6 13. Qd5 Be6 14. Qc6 Bxc4
15. Qa4 Bxf1 0-1

[Event "Mechanics' Spring TNM; 30/90, SD/30"]
[Site "San Francisco"]
[Date "2014.03.25"]
[Round "2.19"]
[White "McKellar, Daniel"]
[Black "Abraham, Renjish"]
[Result "0-1"]
[WhiteElo "1415"]
[BlackElo "1867"]
[Annotator "Donaldson"]
[PlyCount "88"]
[EventDate "2014.??.??"]

1. e4 c5 2. Nf3 d6 3. d4 cxd4 4. Nxd4 a6 5. c4 Nf6 6. Nc3 e6 7. Bd3 Be7 8. Be3
Nc6 9. O-O O-O 10. f4 Qc7 11. Qd2 Ng4 12. Rae1 Nxe3 13. Qxe3 Bf6 14. Nde2 Na5
15. b3 b5 16. c5 dxc5 17. e5 Be7 18. Qh3 (18. Qe4 g6 19. Qxa8 Bb7 20. Qa7 Nc6
$19) 18... g6 19. Ne4 f5 20. exf6 Bxf6 21. Nxf6+ Rxf6 22. Be4 Ra7 23. Qc3 Rf7
24. Rf3 Nb7 25. Rd1 Nd6 26. Bc2 Bb7 27. Rfd3 Qc6 28. Rf3 Ra8 29. Qe5 Nf5 30.
Bxf5 Rxf5 31. Qe3 Re8 32. b4 e5 33. bxc5 exf4 34. Qb3+ Qe6 35. Qxe6+ Rxe6 36.
Nd4 Bxf3 37. gxf3 Rd5 38. Kf2 Re8 39. c6 Rc8 40. Nf5 Rxf5 41. Rc1 Rf6 42. c7
Rf7 43. Rc6 Rfxc7 44. Rxa6 Rc2+ 0-1

[Event "Mechanics' Spring TNM; 30/90, SD/30"]
[Site "San Francisco"]
[Date "2014.05.06"]
[Round "8.26"]
[White "McKellar, Daniel"]
[Black "Bertot, German"]
[Result "1/2-1/2"]
[WhiteElo "1415"]
[BlackElo "1631"]
[PlyCount "63"]
[EventDate "2014.??.??"]

1. e4 e5 2. Nf3 Nc6 3. Bc4 Bc5 4. c3 Nf6 5. d4 exd4 6. cxd4 Bb4+ 7. Nc3 Nxe4 8.
O-O Bxc3 9. d5 Ne7 10. bxc3 O-O 11. Re1 Nd6 12. Ba3 Nef5 13. Bd3 Re8 14. Qc2 g6
15. c4 b6 16. Bb2 Rf8 17. Qc3 f6 18. Bxf5 Nxf5 19. Re4 d6 20. Rae1 Bd7 21. Nd4
Nxd4 22. Qxd4 Rf7 23. Qe3 Qf8 24. Re7 a6 25. Bxf6 Rxe7 26. Qxe7 Qxe7 27. Rxe7
Re8 28. Rxe8+ Bxe8 29. Bd8 c6 30. dxc6 Bxc6 31. Bxb6 Kf7 32. f4 1/2-1/2

[Event "Mechanics' Winter TNM; 30/90, SD/30"]
[Site "San Francisco"]
[Date "2014.02.04"]
[Round "5.28"]
[White "McKellar, Daniel"]
[Black "Casares, Nick Jr"]
[Result "1-0"]
[WhiteElo "1343"]
[BlackElo "1600"]
[Annotator "Donaldson"]
[PlyCount "87"]
[EventDate "2014.??.??"]

1. e4 e5 2. Nf3 Nc6 3. Bc4 Nf6 4. d4 exd4 5. e5 d5 6. Bb5 Ne4 7. Bxc6+ bxc6 8.
Nxd4 c5 9. Nf3 Ba6 10. c3 c6 11. Nbd2 f5 12. Nxe4 fxe4 13. Ng1 Qc7 14. Bf4 Qf7
15. Bg3 Be7 16. Ne2 O-O 17. O-O Bc4 18. b3 Bd3 19. f4 Bd8 20. Rf2 Bb6 21. Kh1
c4 22. Rf1 Be3 {Diagram # Nice bishops!} 23. b4 a5 24. bxa5 Rxa5 25. a4 c5 26.
Ra3 Ra6 27. a5 Rg6 28. Bf2 d4 29. Bxe3 dxe3 30. g3 Rh6 31. Rg1 Rxh2+ 32. Kxh2
Qh5+ 33. Kg2 Qf3+ 34. Kh2 Rf6 {The text is still a draw.} (34... Bxe2 35. Qd5+
Kh8 36. e6 Bf1 37. Rxf1 Qxf1 38. e7 Qf2+ {is a draw by perpetual.}) (34... Rf5
35. Rg2) 35. exf6 Bxe2 $4 (35... Qh5+ $11) 36. Qd5+ Kf8 37. Qd6+ Kf7 38. Qe7+
Kg6 39. Qxg7+ Kf5 40. g4+ Kxf4 41. Qh6+ Ke5 42. Qg5+ Kd6 43. Rd1+ $4 Kc6 (43...
Bxd1 44. f7 Qf2+ $11) 44. Qd5+ 1-0

[Event "Mechanics' Fall TNM; 30/90, SD/30"]
[Site "San Francisco"]
[Date "2014.12.16"]
[Round "8.23"]
[White "McKellar, Daniel"]
[Black "Cohee, James"]
[Result "1-0"]
[WhiteElo "1496"]
[BlackElo "1660"]
[PlyCount "113"]
[EventDate "2014.??.??"]

1. e4 c5 2. Nf3 e6 3. d4 cxd4 4. Nxd4 a6 5. c4 Nf6 6. Nc3 Bb4 7. Qd3 d6 8. Bd2
Nbd7 9. Nb3 Nc5 10. Nxc5 Bxc5 11. Be2 Qc7 12. O-O O-O 13. Bg5 Nd7 14. Qg3 f6
15. Bf4 Ne5 16. Bxe5 dxe5 17. Rfd1 Bd7 18. Rac1 Rad8 19. a3 Bc6 20. Bg4 Qe7 21.
Rxd8 Rxd8 22. Rd1 Bd4 23. Kf1 Bd7 24. Qf3 Rf8 25. Qd3 f5 26. exf5 exf5 27. Bh3
g6 28. Ne2 Re8 29. Nxd4 exd4 30. g3 Qg5 31. Qxd4 Bc6 32. Bg2 Qh5 33. Bd5+ Bxd5
34. Qxd5+ Kf8 35. Re1 Rxe1+ 36. Kxe1 Qxh2 37. Qxb7 Qg1+ 38. Ke2 Qc1 39. Qb4+
Kg8 40. Qc3 Qb1 41. c5 Qe4+ 42. Kd2 f4 43. gxf4 Qxf4+ 44. Qe3 Qc4 45. b3 Qd5+
46. Kc3 a5 47. f4 h5 48. Qd4 Qf3+ 49. Kc4 Qe2+ 50. Kd5 Kf7 51. c6 Qe6+ 52. Kc5
Qe7+ 53. Kb5 Qxa3 54. c7 Qxb3+ 55. Kc5 Qa3+ 56. Kb6 Qb3+ 57. Ka7 1-0

[Event "Mechanics' Spring TNM; 30/90, SD/30"]
[Site "San Francisco"]
[Date "2014.04.22"]
[Round "6.31"]
[White "McKellar, Daniel"]
[Black "Cole, Tony"]
[Result "0-1"]
[WhiteElo "1415"]
[BlackElo "1444"]
[Annotator "Donaldson"]
[PlyCount "82"]
[EventDate "2014.??.??"]

1. e4 e5 2. Nf3 Nc6 3. Bc4 Bc5 4. b4 Bxb4 5. c3 Bc5 (5... Be7) (5... Ba5) 6.
O-O (6. d4 exd4 7. O-O d6 8. cxd4 Bb6) 6... d6 7. d4 exd4 8. cxd4 Bb6 9. e5 (9.
d5 Nce7 (9... Na5 10. Bd3) 10. Bb2) 9... Bg4 10. Qb3 Bxf3 11. Qxf3 Qe7 12. exd6
cxd6 13. Bb2 (13. Bb5 O-O-O 14. Bxc6 bxc6 15. Qxc6+ Qc7 16. Qa4 $16) 13...
O-O-O 14. d5 (14. Nc3 Nxd4 15. Qd3 Nf6 16. Na4 Nc6 17. Rfe1 Qc7 18. Nxb6+ axb6
19. Bxf6 gxf6 20. Bd5 Rde8 21. Rec1) 14... Ne5 15. Qf5+ Kb8 16. Nd2 Qh4 17.
Bxe5 dxe5 18. Qxe5+ Bc7 19. g3 Bxe5 20. gxh4 Bxa1 21. Rxa1 Nf6 22. Rd1 Nxd5 23.
Ne4 Nf4 24. Re1 f6 25. f3 Rhe8 26. Rb1 Rd4 27. Bb5 Rc8 28. Ba6 Rc7 29. Nc5 (29.
Nc3 b6) 29... b6 30. Nb3 Ra4 31. Bb5 Rxa2 32. Nd4 Rc3 33. Re1 Nh3+ 34. Kh1 Nf2+
35. Kg1 Nh3+ 36. Kh1 a6 37. Bd7 Nf2+ 38. Kg1 Rd3 39. Be6 Rad2 40. Nc6+ Kc7 41.
Nb4 Ra3 0-1

[Event "Mechanics' Winter TNM; 30/90, SD/30"]
[Site "San Francisco"]
[Date "2014.02.18"]
[Round "7.24"]
[White "McKellar, Daniel"]
[Black "Ebert, John"]
[Result "0-1"]
[WhiteElo "1343"]
[BlackElo "1766"]
[PlyCount "72"]
[EventDate "2014.??.??"]

1. e4 e6 2. d4 d5 3. e5 c5 4. c3 Qb6 5. Nf3 Nc6 6. b3 Bd7 7. Be3 h6 8. Bd3 cxd4
9. cxd4 Nb4 10. O-O Nxd3 11. Qxd3 Bb5 12. Qc2 Bxf1 13. Kxf1 Ne7 14. Nc3 Rc8 15.
Qd3 Nf5 16. Bd2 Qd8 17. a3 a6 18. b4 Be7 19. g3 O-O 20. Ne2 Rc4 21. Nf4 Bg5 22.
g4 Bxf4 23. Bxf4 Nh4 24. Nd2 Rc7 25. Bg3 Ng6 26. f4 Qc8 27. Kg2 Rc3 28. Qf1 f5
29. h3 fxg4 30. hxg4 Nxf4+ 31. Kh2 g5 32. Qb1 Kg7 33. Qd1 Rc2 34. Qe1 Qc3 35.
Rd1 Qf3 36. Qf1 Rxd2+ 0-1

[Event "Mechanics' Spring TNM; 30/90, SD/30"]
[Site "San Francisco"]
[Date "2014.04.08"]
[Round "4.31"]
[White "McKellar, Daniel"]
[Black "Furukawa, Jon"]
[Result "1/2-1/2"]
[WhiteElo "1415"]
[BlackElo "1533"]
[Annotator "Donaldson"]
[PlyCount "89"]
[EventDate "2014.??.??"]

1. e4 e5 2. Nf3 Nc6 3. Bc4 Bc5 4. b4 Bxb4 5. c3 Be7 6. d4 d6 7. Qb3 Na5 8. Qa4+
c6 9. Bd3 b5 10. Qc2 Bg4 11. Nbd2 Nc4 12. Bxc4 bxc4 13. dxe5 d5 14. Bb2 Bc5 15.
Rd1 Qb6 16. O-O Ne7 17. Rb1 Qc7 18. Rfe1 O-O 19. exd5 cxd5 20. Nd4 Bxd4 21.
cxd4 Bf5 22. Qc3 Bxb1 23. Rxb1 Rab8 24. f4 Rb6 25. Rc1 Rc8 26. Ba3 Ng6 27. g3
Qd7 28. Qf3 Rcb8 29. Rc3 Nf8 30. f5 h6 31. h4 Rb2 32. Bxb2 Rxb2 33. Nf1 Rxa2
34. Ne3 Qb7 35. Nxd5 $2 {Diagram #} Ra1+ (35... Qb1+ $1 36. Qf1 Qb2 {mates.})
36. Kh2 Qb2+ 37. Qg2 (37. Kh3 $1) 37... Qb1 38. Qf3 $2 (38. Rc2 $1) 38... Qg1+
39. Kh3 Qxd4 (39... Ra2 $1 {with mate soon to follow.}) 40. f6 $2 (40. e6 $1
fxe6 41. fxe6 Nxe6 42. Re3 {winning.}) 40... Qxe5 $2 (40... g6 $17) 41. Re3 $1
Qd4 42. Ne7+ (42. fxg7 Qxg7 43. Nf6+ Kh8 44. Re8 {
wins with ideas like Nd7 and Qf5 with Rxf8+ in the offing.}) 42... Kh7 43. fxg7
Qxg7 44. Qe4+ Kh8 45. Qxc4 {
Stockfish evaulates the final posistion as offering equal chances.} 1/2-1/2

[Event "Mechanics' Winter TNM; 30/90, SD/30"]
[Site "San Francisco"]
[Date "2014.01.28"]
[Round "4.37"]
[White "McKellar, Daniel"]
[Black "Gandhi, Sid"]
[Result "1-0"]
[WhiteElo "1343"]
[BlackElo "1339"]
[PlyCount "83"]
[EventDate "2014.??.??"]

1. e4 c5 2. Nf3 Nc6 3. c3 d6 4. d4 cxd4 5. cxd4 Nf6 6. Nc3 Bg4 7. Be2 e6 8. Be3
Qa5 9. O-O Be7 10. a3 O-O 11. b4 Qd8 12. d5 Ne5 13. Nxe5 Bxe2 14. Nxf7 Rxf7 15.
Qxe2 exd5 16. exd5 Rc8 17. Rac1 Qd7 18. Rfe1 a6 19. h3 Qf5 20. Qd2 Ne4 21. Nxe4
Rxc1 22. Rxc1 Qxe4 23. Rc8+ Rf8 24. Rc7 b5 25. Ra7 Rf5 26. Rxa6 Rxd5 27. Qa2
Kf8 28. Ra8+ Kf7 29. Rb8 Qe5 30. Rxb5 Ke6 31. Rxd5 Qxd5 32. Qxd5+ Kxd5 33. b5
Bd8 34. Ba7 Kc4 35. b6 Bxb6 36. Bxb6 d5 37. f4 d4 38. Kf2 d3 39. Ba5 Kb3 40.
Ke3 Ka4 41. Bb4 d2 42. Kxd2 1-0